El asesinato del alma : la persecución del niño en la familia autoritaria /

Estudio que analiza el caso de psicosis, paronoia, y esquizofrenia de Daniel Paul Schreber (1842-1911), juez alemán, quien fue sometido a una rígida formación familiar y educativa por parte de su padre Daniel Gottlieb Moritz Schreber (1808-1861), médico y pedagogo alemán, quien diseño un sistema edu...

Fuld beskrivelse

Guardado en:
Bibliografiske detaljer
Hovedforfatter: Schatzman, Morton (autor)
Format: Bog
Sprog:spansk
Udgivet: México : Siglo XXI, 1979, c1977
Udgivelse:2a edición
Serier:(Psicología y Etología)
Fag:
Tags: Tilføj Tag
Ingen Tags, Vær først til at tagge denne postø!

MARC

LEADER 00000nam^a2200000^a^4500
001 000186759
005 20250521000000.0
009 20260310102236.892
020 |a 968-23-0387-7 
037 |a Acervo ITESO - Biblioteca 
041 |a ESP 
082 |a 616. 89021  |b SCH 
100 |a Schatzman, Morton  |e (autor) 
240 1 4 |a [El asesinato del alma] 
245 1 3 |a El asesinato del alma :  |b la persecución del niño en la familia autoritaria /  |c M. Schatman ; tr. por Rafael Mazarrasa. 
250 |a 2a edición 
264 4 |a México :  |b Siglo XXI,  |c 1979, c1977 
300 |a 195 p. 
336 |a texto  |b txt  |2 rdacontenido 
337 |a sin mediación  |b n  |2 rdamedio 
338 |a volumen  |b nc  |2 rdasoporte 
440 1 |a (Psicología y Etología) 
500 |a Traducción de: Soul Murder. Persecution in the Family 
520 |a Estudio que analiza el caso de psicosis, paronoia, y esquizofrenia de Daniel Paul Schreber (1842-1911), juez alemán, quien fue sometido a una rígida formación familiar y educativa por parte de su padre Daniel Gottlieb Moritz Schreber (1808-1861), médico y pedagogo alemán, quien diseño un sistema educativo para educar a los niños en la obediencia y la disciplina, con el fin de contribuir a la formación de una sociedad y una raza mejores. 
649 |a XX 
650 |a Jueces Alemanes -  |x Condiciones Psicológicas 
650 |a Enfermos Mentales Alemanes -  |x Condiciones Psicológicas 
650 |a Niños Alemanes -  |x Condiciones Psicológicas -  |x Tema Principal 
650 |a Relaciones Padres-Hijos 
650 |a Relaciones Familiares 
650 |a Educación Personalizada 
650 |a Educación Familiar 
650 |a Metodología Educativa 
650 |a Esquizofrenia 
650 |a Paranoia 
650 |a Delirio 
650 |a Psicosis 
650 |a Psicopatología 
650 |a Psicología Clínica 
650 |a Schreber, Daniel Paul -  |x Tema Principal 
650 |a Schreber, Daniel Gottlieb Moritz 
910 |a Fondo Armando Suárez Gómez 
920 |a Impresos - Libros 
930 |a Fondos Especiales 
905 |a 111 
901 |a 0700002876  |b IT2  |c ESP  |u 20250521 
902 |a https://opac.biblio.iteso.mx/vufind/Record/000186759